Tous les joueurs français passés par le FC Barcelone - Statistiques

Statistiques générales
  • Ce quiz a été pris 79 fois
    18 depuis la dernière actualisation
  • Le résultat moyen est 12 sur 19
Statistiques - réponses
Hint Réponse % Correct
19 Jules Koundé
100%
15 Ousmane Dembélé
94%
17 Antoine Griezmann
88%
11 Éric Abidal
82%
13 Samuel Umtiti
82%
10 Thierry Henry
82%
12 Jérémy Mathieu
76%
2 Christophe Dugarry
65%
5 Emmanuel Petit
65%
14 Lucas Digne
65%
16 Clément Lenglet
59%
1 Laurent Blanc
59%
9 Lilian Thuram
59%
7 Ludovic Giuly
59%
18 Jean Clair Todibo
47%
3 Frédéric Déhu
29%
6 Philippe Christanval
29%
4 Richard Dutruel
18%
8 Ludovic Sylvestre
12%
Aucun quiz correspondant
Distribution des résultats
% des personnes avec chaque résultat
Percentile par nombre de réponses
Votre historique - résultats
Vous n’avez pas pris ce quiz depuis la dernière actualisation